000
00273nam a2200133Ia 4500
100
_a
I.C .System
942
_c
BK
654
_a
Catalogue
245
_a
Catalogue of Above Tape
260
_b
I.C . Sysrem Publication Co
300
_a
3
546
_a
ENGLISH
999
_c
33508
_d
33508